00601nam a22002057a 450000500170000001000110001702000220002803500110005003700160006104000120007708200160008910000200010524500800012526000340020527000350023930000210027450000540029565000270034970000190037620170124110004.0 a930169 c00.00a0713910968 a930169 bCen Lib/Ret aDPLbEN a551.03bWHI aWhitten, D.G.A. aThe penguin dictionary of geology /cby D.G.A. Whitten [and] J.R.V. Brooks  aLondon bPenguin Books c1972 bLondon a17, grosvener garden  a493p. c21cm(Hb) aIncludes appendix and bibliographical references  aGeology--Dictionaries  aBrooks, J.R.V.